Menedzserek - brit mintára Szeged harmadik egyeteme /

Elmentve itt :
Bibliográfiai részletek
Szerző: Balogh Tamás
Dokumentumtípus: Cikk
Megjelent: 1990-08-29
Sorozat:Délmagyarország 80 No. 216
Kulcsszavak:Szügyi György, mezőgazdasági tanácskozások
Online Access:http://dmarchiv.bibl.u-szeged.hu/100545
LEADER 00512nab a2200157 i 4500
001 delm100545
005 20190925102752.0
008 190925s1990 hu o 0|| hun d
040 |a SZTE Délmagyarország Archívum  |b hun 
041 |a hun 
100 1 |a Balogh Tamás 
245 1 0 |a Menedzserek - brit mintára   |h [elektronikus dokumentum] :  |b Szeged harmadik egyeteme /  |c  Balogh Tamás 
260 |c 1990-08-29 
300 |a 1, 5 
490 0 |a Délmagyarország  |v 80 No. 216 
695 |a Szügyi György, mezőgazdasági tanácskozások